Central Library OPAC University of Rajshahi

Pride and prejudice : (Record no. 19062)

MARC details
000 -LEADER
fixed length control field 01262cam a2200373 a 4500
001 - CONTROL NUMBER
control field 19062
003 - CONTROL NUMBER IDENTIFIER
rucl marc code BD-RjUL
005 - DATE AND TIME OF LATEST TRANSACTION
control field 20211209000358.0
008 - FIXED-LENGTH DATA ELEMENTS--GENERAL INFORMATION
fixed length control field 140223r20062001nyu b 000 1deng d
020 ## - INTERNATIONAL STANDARD BOOK NUMBER
International Standard Book Number 0393976041 (pbk.)
035 ## - SYSTEM CONTROL NUMBER
System control number (OCoLC)44131659
-- (BD-RjUL)19120
040 ## - CATALOGING SOURCE
Original cataloging agency DLC
Transcribing agency DLC
Modifying agency ZID
-- MYG
-- BD-RjUL
Language of cataloging eng
041 ## - LANGUAGE CODE
Language code of text/sound track or separate title eng
082 00 - DEWEY DECIMAL CLASSIFICATION NUMBER
Classification number 823.7
Edition number 21
Author mark and year AUP 2006
100 1# - MAIN ENTRY--PERSONAL NAME
Personal name Austen, Jane,
Dates associated with a name 1775-1817.
9 (RLIN) 58748
245 10 - TITLE STATEMENT
Title Pride and prejudice :
Remainder of title an authoritative text, backgrounds and sources, criticism /
Statement of responsibility, etc. Jane Austen ; edited by Donald Gray.
250 ## - EDITION STATEMENT
Edition statement 3rd ed.
260 ## - PUBLICATION, DISTRIBUTION, ETC. (IMPRINT)
Place of publication, distribution, etc. New York :
Name of publisher, distributor, etc. Norton,
Date of publication, distribution, etc. c2001[reprinted 2006]
300 ## - PHYSICAL DESCRIPTION
Pagination viii, 413 p. :
Size 22 cm.
490 1# - SERIES STATEMENT
Series statement A Norton critical edition
504 ## - BIBLIOGRAPHY, ETC. NOTE
Bibliography, etc Includes bibliographical references (p. 409-413).
600 10 - SUBJECT ADDED ENTRY--PERSONAL NAME
Personal name Austen, Jane,
Dates associated with a name 1775-1817.
650 #0 - SUBJECT ADDED ENTRY--TOPICAL TERM
Topical term or geographic name as entry element Young women
Form subdivision Fiction.
9 (RLIN) 58750
Topical term or geographic name as entry element Courtship
Form subdivision Fiction.
9 (RLIN) 58751
Topical term or geographic name as entry element Sisters
Form subdivision Fiction.
9 (RLIN) 42373
651 #0 - SUBJECT ADDED ENTRY--GEOGRAPHIC NAME
Geographic name England
Form subdivision Fiction.
9 (RLIN) 58752
700 1# - ADDED ENTRY--PERSONAL NAME
Personal name Gray, Donald J.
830 #0 - SERIES ADDED ENTRY--UNIFORM TITLE
Uniform title Norton critical edition.
942 ## - ADDED ENTRY ELEMENTS (KOHA)
Source of classification or shelving scheme Dewey Decimal Classification
Koha item type Books
Holdings
Lost status Source of classification or shelving scheme Damaged status Not for loan Collection code Permanent Location Current Location Shelving location Date acquired Source of acquisition Cost, normal purchase price Total Checkouts Total Renewals Full call number Date last seen Date checked out Copy number Koha item type
  Dewey Decimal Classification     Fiction Central Library, University of Rajshahi Central Library, University of Rajshahi   10/03/2008 Paragon Ent. 225.00 5 1 823.7 AUP 2006 13/04/2022 03/04/2022 C-3 Books
  Dewey Decimal Classification     Fiction Central Library, University of Rajshahi Central Library, University of Rajshahi   10/03/2008 Dhaka, Paragon Enterprises Ltd. 225.00 5   823.7 AUP 2006 26/12/2021 17/12/2021 C-4 Books
  Dewey Decimal Classification     Non-fiction Central Library, University of Rajshahi Central Library, University of Rajshahi   10/03/2008 Dhaka,Paragon Enterprise Lit., 225.00 2   823.7 AUP 2006 26/02/2023 17/12/2021 C-2 Books
  Dewey Decimal Classification   Not For Loan Fiction Central Library, University of Rajshahi Central Library, University of Rajshahi Reading Room 10/03/2008 Paragon enterprises ltd., Dhaka 225.00     823.7 AUP 2006 31/01/2017   C-1 Books